000 00277nam a22001217a 4500
008 170529b xxu||||| |||| 00| 0 eng d
041 _aeng
080 _a621
100 _a26
101 _aIM
245 _aSMALL GAS ENGINES/ HOW TO REPAIR THEM
_cWEISSEIR, P
942 _2udc
_cBK
999 _c14900
_d14900